Creatividad y motricidad

সংরক্ষণ করুন:
গ্রন্থ-পঞ্জীর বিবরন
প্রধান লেখক: Trigo Aza, Eugenia... [et al]
বিন্যাস: গ্রন্থ
ভাষা:স্প্যানিশ
প্রকাশিত: Zaragoza. INDE. c1999.
বিষয়গুলি:
ট্যাগগুলো: ট্যাগ যুক্ত করুন
কোনো ট্যাগ নেই, প্রথমজন হিসাবে ট্যাগ করুন!

MARC

LEADER 00000nam a22000005a 4500
001 13288
003 CL-ChBUA
005 20120815103453.0
008 070301s1999 sp 000 0 spa
040 |a CL-ChBUA  |c CL-ChBUA 
082 0 0 |a 371.118 
090 |c 13288  |d 13288 
100 1 |a Trigo Aza, Eugenia... [et al]. 
245 1 0 |a Creatividad y motricidad 
260 |b INDE.  |a Zaragoza.  |c c1999. 
300 |a 164 p.  |b cuads.  |c 20 cm. 
504 |a Indice. 
650 4 |a APTITUD CREADORA. 
650 4 |a PENSAMIENTO CREATIVO. 
650 4 |a MOTRICIDAD. 
942 |c LIB 
952 |0 0  |1 0  |4 0  |7 0  |9 18805  |a UNACH  |b UNACH  |c 300  |d 2007-03-05  |i 33.391.  |l 2  |o 371.118 / C 912.  |p 19804  |r 2026-04-01 21:07:01  |s 2016-10-03  |u 18805  |w 2012-08-08  |y LIB  |k 371.118 / C 912. 
999 |c 13288  |d 13288